The thrill of it all (Record no. 1377)

MARC details
000 -LEADER
fixed length control field 00249nam a2200121 a 4500
005 - DATE AND TIME OF LATEST TRANSACTION
control field 20260322212058.0
008 - FIXED-LENGTH DATA ELEMENTS--GENERAL INFORMATION
fixed length control field data
092 ## - LOCALLY ASSIGNED DEWEY CALL NUMBER (OCLC)
Classification number 278
001 - CONTROL NUMBER
control field data
100 1# - MAIN ENTRY--PERSONAL NAME
Personal name Sam Smith
245 14 - TITLE STATEMENT
Title The thrill of it all
Statement of responsibility, etc. Sam Smith.
260 ## - PUBLICATION, DISTRIBUTION, ETC.
Name of publisher, distributor, etc. Universal Music
Date of publication, distribution, etc. 2017
Holdings
Withdrawn status Lost status Damaged status Not for loan Home library Current library Shelving location Date acquired Total checkouts Full call number Barcode Date last seen Price effective from Koha item type
        Franklin Franklin General stacks 22/03/2026   GEN BC0011423 22/03/2026 22/03/2026 Books